Movies Quiz

Random Movies Quiz

Mafia Quiz Stats

 Plays Quiz not verified by Sporcle

Challenge
Share
Tweet
Embed
Score 0/10 Timer 20:00
0 Plays Today
Hint Answer % Correct
characterDon Corleone
94.3%
characterDon Corleone
94.3%
characterMichael Corleone
91.4%
characterMichael Corleone
91.4%
characterPeter Clemenza
42.9%
characterSollozzo
18.6%
characterNeil McCauley
8.6%
characterColin Sullivan
5.7%
characterRory Breaker
2.9%
characterJohn Rooney
1.4%

You're not logged in!

Compare scores with friends on all Sporcle quizzes.
OR
Log In

You Might Also Like...

Show Comments

Extras

Created Mar 20, 2015ReportNominate
Tags:mafia, man

Top Quizzes Today


Score Distribution

Your Account Isn't Verified!

In order to create a playlist on Sporcle, you need to verify the email address you used during registration. Go to your Sporcle Settings to finish the process.

Report this User

Report this user for behavior that violates our Community Guidelines.

Details: